Jak pracovat s elektronickými informačními zdroji přístupnými na Univerzitě Palackého v Olomouci se zaměřením na společenskovědní a humanitní databáze /

Hlavní autor: Slezáková, Ludmila, 1950-
Korporativní autor: Univerzita Palackého
Jazyk: Čeština
Vydáno: Olomouc : Univerzita Palackého, 2005
Vydání: 1. vyd.
Témata:
Externí odkaz: Digitalizovaný dokument
Fyzický popis: 63 s. : il. (některé barev.) ; 29 cm
Knihy
Uloženo v:
LEADER 01858cam a2200457 a 4500
001 nkc20061663869
003 CZ PrNK
005 20061102153438.0
007 ta
008 060613s2005 xr a e f 000 0 cze
015 |a cnb001663869 
020 |a 80-244-1309-4  |q (brož.) :  |c neprodejné 
035 |a (OCoLC)85551640 
040 |a OSA001  |b cze  |d OLA001  |d ABA001 
072 7 |a 00  |x Věda. Všeobecnosti. Základy vědy a kultury. Vědecká práce  |2 Konspekt  |9 12 
080 |a 002.1:004.087  |2 MRF 
080 |a 004.652  |2 MRF 
080 |a 004.657  |2 MRF 
080 |a (035)  |2 MRF 
100 1 |a Slezáková, Ludmila,  |d 1950-  |7 ola2006345402  |4 aut 
245 1 0 |a Jak pracovat s elektronickými informačními zdroji přístupnými na Univerzitě Palackého v Olomouci se zaměřením na společenskovědní a humanitní databáze /  |c [Ludmila Slezáková] 
250 |a 1. vyd. 
260 |a Olomouc :  |b Univerzita Palackého,  |c 2005 
300 |a 63 s. :  |b il. (některé barev.) ;  |c 29 cm 
504 |a Obsahuje bibliografické odkazy 
610 2 7 |a Univerzita Palackého  |7 kn20010709130  |2 czenas 
650 0 7 |a elektronické zdroje  |7 ph119889  |2 czenas 
650 0 7 |a databáze  |7 ph114295  |2 czenas 
650 0 7 |a vyhledávání informací  |7 ph163856  |2 czenas 
650 0 9 |a electronic information resources  |2 eczenas 
650 0 9 |a databases  |2 eczenas 
650 0 9 |a information retrieval  |2 eczenas 
655 7 |a příručky  |7 fd133209  |2 czenas 
655 9 |a handbooks and manuals  |2 eczenas 
710 2 |a Univerzita Palackého  |7 kn20010709130 
856 4 1 |u http://www.digitalniknihovna.cz/mzk/uuid/uuid:a687dd80-3c58-11e7-8e0f-005056827e52  |y Digitalizovaný dokument  |x NDK 
910 2 |a BOA001  |b 3-1173.509 
990 |a BK 
995 |a 01 
991 |b 200608  |c NOV 
996 6 |b 2610287115  |c 3-1173.509  |l MZK  |r Sklad / do 1 hodiny  |n 1  |p p.v.  |w 000824121  |u 000010  |a 1  |e BOA001  |j MZK50  |s P